LEADER 01178nam2-2200385---450- 001 990001566310203316 005 20090506103414.0 035 $a000156631 035 $aUSA01000156631 035 $a(ALEPH)000156631USA01 035 $a000156631 100 $a20040415d1955----km-y0itay50------ba 101 0 $afre 102 $aFR 105 $aa|||z|||001yy 200 1 $a<> montagnes$fpar Robert Fouet et Charles Pomerol 210 $aParis$cPresses universitaires de France$d1955 215 $a127 p.$cill.$d18 cm 225 2 $aQue sais-je?$v682 410 0$1001000311637$12001$aQue sais-je?$v, 682 606 0 $aMontagne$2BNCF 676 $a551.432 700 1$aFOUET,$bRobert$0485025 701 1$aPOMEROL,$bCharles$0485185 801 0$aIT$bsalbc$gISBD 912 $a990001566310203316 951 $aVI.4. Coll. 22/ 171(I B Coll. 27/58)$b7689 L.M.$cVI.4. Coll.$d00166526 959 $aBK 969 $aUMA 979 $aSIAV8$b10$c20040415$lUSA01$h1040 979 $aCOPAT1$b90$c20050309$lUSA01$h1355 979 $aANNAMARIA$b90$c20080707$lUSA01$h1441 979 $aANNAMARIA$b90$c20090506$lUSA01$h1034 996 $aMontagnes$9937728 997 $aUNISA LEADER 00807nam0-2200289---450- 001 990009563530403321 005 20120427120233.0 035 $a000956353 035 $aFED01000956353 035 $a(Aleph)000956353FED01 035 $a000956353 100 $a20120427d1964----km-y0itay50------ba 101 0 $aeng 102 $aGB 105 $a--------001yy 200 1 $aMacroeconomics and programming$fKenneth K. Kurihara 210 $aLondon$cG. Allen and Unwin$d1964 215 $a100 p.$cill.$d22 cm. 700 1$aKurihara,$bKenneth K.$0121466 801 0$aIT$bUNINA$gRICA$2UNIMARC 901 $aBK 912 $a990009563530403321 952 $aISVE O1-O2.1BIS$b578$fDECTS 952 $aISVE O1-O2.1$b577$fDECTS 959 $aDECTS 996 $aMacroeconomics and programming$946798 997 $aUNINA